000 00282nam a22001337a 4500
008 170807b xxu||||| |||| 00| 0 eng d
020 _a9780672330117
041 _aeng
080 _a004
100 _a33
101 _aSHKI
245 _aASP.NET 3.5
_cWAITHER, S
942 _2udc
_cBK
999 _c22758
_d22758